Sociology (Record no. 13235)
[ view plain ]
| 000 -LEADER | |
|---|---|
| fixed length control field | 00250nam a22001217a 4500 |
| 020 ## - INTERNATIONAL STANDARD BOOK NUMBER | |
| ISBN | 9789696375449 |
| 082 ## - DEWEY DECIMAL CLASSIFICATION NUMBER | |
| Classification number | HM22 P13 |
| 100 ## - MAIN ENTRY--AUTHOR NAME | |
| Personal name | J J Baloch |
| 245 ## - TITLE STATEMENT | |
| Title | Sociology |
| 260 ## - PUBLICATION, DISTRIBUTION, ETC. (IMPRINT) | |
| Place of publication | Pakistan |
| Name of publisher | Paramount |
| Year of publication | 2019 |
| 300 ## - PHYSICAL DESCRIPTION | |
| Number of Pages | 459 pages |
| 942 ## - ADDED ENTRY ELEMENTS (KOHA) | |
| Koha item type | Books |
| Withdrawn status | Lost status | Collection code | Permanent Location | Current Location | Shelving location | Date acquired | Full call number | Accession Number | Koha item type |
|---|---|---|---|---|---|---|---|---|---|
| | | Psychology | MAJU | MAJU | Shelf No.B35 | 2022-02-26 | HM22 P13 | 10287 | Psychology |